[Event "Elgoibar 08th"]
[Site "Elgoibar"]
[Date "1998.11.27"]
[Round "7"]
[White "Mellado Trivino, Juan"]
[Black "Korneev, Oleg"]
[Result "1/2-1/2"]
[WhiteElo "2460"]
[BlackElo "2600"]
[Annotator "Mikhalevski,V"]
[PlyCount "102"]
[EventDate "1998.11.11"]
[EventType "tourn"]
[EventRounds "9"]
[EventCountry "ESP"]
[EventCategory "10"]
[SourceTitle "CBM 069"]
[Source "ChessBase"]
[SourceDate "1999.04.01"]
[SourceVersion "1"]
[SourceVersionDate "1999.04.01"]
[SourceQuality "1"]

1. e4 e5 2. Nf3 Nc6 3. d4 exd4 4. Nxd4 Bc5 5. Nxc6 Qf6 6. Qd2 dxc6 7. Nc3 Qe7
8. Qg5 $1 $146 {[%mdl 8] A serious attempt to fight for an advantage in
Morozevich's 7...Qe7 line.} ({Previous games didn't yield anything serious for
white:} 8. Bd3 Nf6 9. O-O (9. Qg5 h6 10. Qg3 g5 11. h4 Nh5 12. Qf3 g4 13. Qe2
Qe5 14. g3 Bd4 15. Nd1 Be6 16. c3 Bb6 17. Ne3 O-O-O 18. Bc2 Rhg8 19. a4 a5 20.
Rg1 Kb8 21. Bd2 Nf6 22. Ng2 Bc4 {0-1 Landa,K-Ibragimov,I/ch-RUS, St Petersburg
RUS 1998 (22) See comments for this game in CBM67.}) 9... O-O 10. Qg5 h6 11.
Qg3 (11. Qh4 Ng4 12. Qxe7 Bxe7 13. Bf4 {1/2-1/2 Baklan,V-Malaniuk,V/Donetsk
UKR 1998 (13)}) 11... Nh5 12. Qf3 Qh4 13. Be2 Nf6 14. e5 {1/2-1/2 Rublevsky,
S-Morozevich,A/Russian Club Cup, Maikop RUS 1998 (43) See my comments of this
game in CBM66.} (14. Qf4 $142 {Mikhalevski,V})) 8... Nf6 {Natural reaction,
that didn't bring an equality.Probably more tricky 8...Bd4 should be prefered.}
({Two days later Korneev tries a new continuation and reaches a quick draw.} 
8... Bd4 $5 $146 9. Qxe7+ Nxe7 10. Bf4 f5 11. O-O-O Bxc3 12. Bxc7 Bd7 13. bxc3
fxe4 14. Re1 O-O 15. Bd6 Rf7 16. Rxe4 Nd5 17. c4 {1/2-1/2 Van der Wiel,
J-Korneev,O/Elgoibar ESP 1998 (17)}) 9. Be3 $1 {The point of 8.Qg5!White tries
to exchange his main enemy and decrease black's chances for active counterplay.
} Bd6 $1 {[%csl Ge5] Korneev finds the best defence.Bishop must take the
e5-square under control.} ({After} 9... Bxe3 10. Qxe3 {White is better thanks
to the better pawn structure.}) (9... Bb4 10. e5 $1 Ng4 {10...Nd7 leads to the
same position.} ({Other retreats are even worse:} 10... Ne4 11. Qxg7 Rf8 12. a3
$1 Ba5 (12... Nxc3 13. axb4 Qxb4 14. Bh6 $1 Qe4+ 15. Kd2 Qd4+ 16. Bd3 $18) 13.
Bd3 $1 Nxc3 14. Bd2 Qc5 15. b4 $1 Bxb4 16. axb4 Qxb4 17. e6 $1 f6 18. O-O $1
$18) (10... Nd5 11. Qxg7 Rf8 12. Bd2 $16) 11. Qxg7 Bxc3+ 12. bxc3 Qxe5 13.
Qxe5+ Nxe5 14. Bd4 f6 15. f4 $14) 10. Bd4 $1 {[%cal Gg5g7] The only way to
fight for an adge.} (10. Qxg7 Rg8 11. Qh6 Rg6 12. Qh4 Rg4 13. Qh6 $11 (13. Qh3
$6 Rxe4 (13... Rg6 14. Qh4 $11) 14. Qh6 Ng4 $36)) (10. O-O-O $6 h6 $1 11. Qxg7
$140 $4 Rh7 {[%csl Rg7]}) 10... Rg8 (10... O-O $5) (10... c5 $6 {is probably
not sufficient.} 11. Qxg7 (11. Bxf6 $5) 11... cxd4 12. Qxh8+ Kd7 13. Ne2) 11.
O-O-O {[%cal Ge4e5]} Be6 {[%cal Ge8c8]} (11... h6 $142 $1 12. Qh4 (12. Bxf6 $6
hxg5) (12. Qd2 {[%cal Ge4e5]} Bb4 $1) 12... Be6) 12. e5 Nd5 (12... Nd7 13. Qh5
$1) 13. Ne4 $1 {That's why 11...h6 looks preferable.} (13. Qh5 {leads to
unclear complications:} Nxc3 14. exd6 (14. Bxc3 Bc5 15. Qxh7 Kf8 16. f4 $1 (16.
f3 $143 Bxa2 $13 17. b3 $140 $2 Ba3+ 18. Bb2 $2 Qg5+ 19. Rd2 Bxb2+) 16... Bxa2
$1 $13) 14... Nxa2+ 15. Kb1 cxd6 $13) 13... Qxg5+ $8 (13... Bb4 $2 14. Nf6+ $1
$16) 14. Nxg5 Be7 15. Nxe6 (15. Nxh7 $2 {is too dangerous.}) 15... fxe6 {
[%cal Gc6c5]} 16. c4 $14 {[%csl Gd4,Gf1] Pair of bishops and better pawn
structure guarantee an advantage.} Nb4 $1 {Knight belongs to the c6-square.} (
16... Nb6 {is too passive}) 17. a3 c5 {[%cal Gb4c6]} 18. Be3 (18. Bc3 $2 Na2+)
18... Nc6 19. f4 {[%cal Gf1d3]} g5 20. g3 {Despite this safe move is securing
an adge} (20. Be2 $1 {looks even stronger} gxf4 21. Bh5+ Kf8 22. Bxf4 {
developing very unpleasant initiative.}) 20... Nd4 $5 {The only Black's chance
to play for the bishops of opposite colours.} 21. Bxd4 cxd4 22. Rxd4 Bc5 23.
Re4 gxf4 24. gxf4 Ke7 {White is a pawn up,but Black has already got some
counter chances.} 25. Bh3 Raf8 {[%csl Rf4]} (25... Rg1+ $142 $1 26. Rxg1 Bxg1
27. f5 exf5 28. Bxf5 Bxh2 29. Bxh7 Rf8 $1 $11) 26. Rf1 Rg6 {[%cal Gg6h6]} (
26... Rg1 $5 27. Kd2 $1 Rxf1 28. Bxf1 Bg1 29. h3 Bh2 30. Ke3 Rg8) 27. f5 (27.
b4 Rh6 $5 (27... Bg1 28. Re2) 28. Rf3 (28. Bg4 Rh4 $1 29. h3 h5 $1) 28... Bg1
29. Re2 Rh4 $44) 27... exf5 28. Rxf5 (28. Bxf5 {is not better}) 28... Rg1+ 29.
Kc2 Rh1 30. Re2 Rxf5 31. Bxf5 Bg1 32. h3 Rh2 $1 {After this exchange a draw is
the most probable result.} 33. Rxh2 Bxh2 34. e6 (34. Bxh7 $5 Bxe5 35. b4 {
trying to create second weakness.}) 34... h5 35. Kd3 Be5 {It's always useful
to force your opponent putting his pawns on the squares of his bishop's colour.
} 36. b3 (36. b4 $142) 36... Bb2 37. a4 Ba3 38. Kd4 a5 $1 39. Bg6 (39. h4 $5)
39... Kxe6 40. Bxh5 b6 41. Bg4+ Kf6 42. Kd5 Kg5 43. Kc6 Bd6 $11 {Now White has
no a single chance to win.} 44. c5 Bxc5 45. Kxc7 Kh4 46. Kc6 Bg1 47. Kb5 Bf2
48. b4 axb4 49. Kxb4 Bg1 50. a5 bxa5+ 51. Kxa5 Bf2 1/2-1/2

[Event "Mondariz zt 1.1"]
[Site "Mondariz"]
[Date "2000.09.10"]
[Round "7"]
[White "Nataf, Igor Alexandre"]
[Black "Miles, Anthony John"]
[Result "1/2-1/2"]
[WhiteElo "2526"]
[BlackElo "2584"]
[Annotator "Mikhalevski,V"]
[PlyCount "120"]
[EventDate "2000.09.03"]
[EventType "swiss"]
[EventRounds "11"]
[EventCountry "ESP"]
[SourceTitle "CBM 079"]
[Source "ChessBase"]
[SourceDate "2000.11.21"]
[SourceVersion "1"]
[SourceVersionDate "2000.11.21"]
[SourceQuality "1"]

1. e4 Nc6 2. d4 e5 3. Nf3 exd4 4. Nxd4 Bb4+ 5. c3 Bc5 6. Nxc6 bxc6 7. Bd3 Ne7
8. h4 $5 $146 {[%mdl 8] An interesting idea.White has been preparing a piece
sacrifice.} ({Usually white plays} 8. O-O) ({or} 8. Nd2) 8... O-O ({I think} 
8... d5 {deserved some attention.}) 9. h5 {[%cal Gh5h6]} h6 {Perhaps Anthony
missed the following sacrifice,but fortunately the position remains defencible.
} (9... f5 $5 {was an alternative,answering a flank attack with a
counter-attack in the centre.} 10. e5 (10. h6 $6 Bxf2+ $1 (10... fxe4 $143 11.
hxg7 Bxf2+ 12. Kd2 $40 {[%csl Rg8,Rh7][%cal Gd1h5]}) 11. Kxf2 fxe4+ 12. Kg1
exd3 13. hxg7 Rf7 (13... Rf5 $5 14. Qxd3 {[%cal Gd3h3]} Qe8 {[%cal Ge8g6]} 15.
Bg5 d5) 14. Qh5 Rxg7 15. Bh6 Rg6 16. Bg5 Rg7 $11 (16... Kf8 $2 17. Qxg6 $1 hxg6
18. Rh8+)) 10... d6 11. h6 g6 12. Bc4+ $1 d5 (12... Kh8 13. b4 Bb6 14. Bg5 $1
$14 {/+/-}) 13. Bd3 $14 {With worse,but solid position for Black.}) 10. Bxh6 $1
{[%mdl 512] Very unexpected decision.In fact this is only a temporary
sacrifice.Black has to return an extra piece if he wants to stay alive.} gxh6
11. Qg4+ Kh8 $8 (11... Kh7 $2 12. e5+ Kh8 13. Qf4 {[%csl Rh6]} f5 $8 (13... Kg7
$2 14. Qf6+ Kg8 15. Qxh6 f5 16. exf6 $18) (13... Ng8 $2 14. Qf5 $18) 14. Qxh6+
Kg8 15. g4 $1 {[%csl Rg8] with strong attack.}) 12. Qf4 {[%csl Rc5,Rh6,Rh8]
[%cal Gf4e5]} Bxf2+ $8 {[%mdl 256] Probably the only chance to continue
fighting.Anyway the bishop was doomed.} (12... Kg8 $2 13. Qg3+ Kh7 (13... Kh8
14. Qe5+ {[%csl Rc5,Rh8]}) 14. e5+ Kh8 15. Qf4 {see 11...Kh7}) (12... f6 $6 13.
Qxh6+ Kg8 14. e5 Kf7 $5 (14... f5 15. g4 $1 {see 11...Kh7})) (12... d6 $2 13.
Qxh6+ Kg8 14. Qg5+ Kh8 (14... Ng6 $8) 15. Qf6+ Kg8 (15... Kh7 16. e5+) 16. h6)
13. Qxf2 $14 Ng8 {[%csl Rf6,Gg8,Rh6] Covering weaknesses on the king side.} 14.
Nd2 Qf6 ({Or} 14... d6 15. Nf3 Qf6) 15. Nf3 {Certainly White doesn't exchange
queens.} d6 16. O-O-O Be6 {[%csl Ra2][%cal Ge6a2]} 17. a3 ({White could avoid
weakening of the queen side by means of} 17. Kb1 $5 Rab8 {[%cal Gf6c3]} 18. Ka1
) 17... c5 {[%csl Gd4] Provocation.Black is not afraid of 18.e5.} (17... Rfe8
$5) 18. e5 Qg7 ({After} 18... dxe5 $6 {all black pawns become weak.} 19. Qxc5 {
[%csl Rc7,Re5]} (19. Rhe1 $5 {[%csl Re5]} Bg4 20. Rxe5 $1 Bxf3 21. Rf5 Qxf5 22.
Bxf5 Bxd1 23. Kxd1 {[%csl Ra7,Rc5,Rc7,Rf7,Rh6,Rh8]}) 19... Bg4 {[%cal Gg4d1]}
20. Rd2 $1 {[%csl Re5]} Bxf3 21. gxf3 {[%csl Ra7,Rc7,Re5,Rf7,Rh6]}) 19. g4 $6 {
[%cal Gg4g5] Brave,but too optimistic.} (19. Rde1 $1 {[%cal Gh1h4] followed by
Rh4 was strong.At this case White would control all the board.}) 19... Rad8 ({
Black could accept the sacrifice:} 19... Bxg4 $1 20. Rhg1 f5 $1 {and it's not
so clear how to continue.}) (19... dxe5 $143 $6 20. Qxc5 {[%csl Rc7,Re5]} (20.
g5 f5 $1 {[%cal Ge5e4]}) 20... Bxg4 21. Rhg1 $16 {[%cal Gf3e5,Gd3f5]}) 20. exd6
$1 {White should've concentrated on attack,in particular he has to prepare g5.}
cxd6 21. Rdg1 $1 {[%cal Gg4g5]} Qf6 {[%cal Gf6f2]} 22. Qg3 {[%csl Gf4][%cal
Gg4g5]} Bd5 23. Rf1 {[%cal Gg4g5]} Rde8 {Now everything is ready.So} 24. g5
hxg5 25. Nxg5 {[%csl Rf6][%cal Gf1f6]} Qh6 $1 {[%csl Rc1,Rg5,Rh1][%cal Gf7f6]
Active defence.B:h1 and f6 are threatening,so White has no choice,but to
sacrifice a piece.} (25... Qe5 $5 26. Rh3 $1 Qxg3 27. Rxg3 $14) 26. Rhg1 f6 {
[%csl Rc1,Rg5]} 27. Qxd6 {[%csl Rc5,Rd5]} Bf7 28. Kb1 $1 ({Interesting was also
} 28. Bg6 {but after} fxg5 $1 (28... Bxg6 $143 29. hxg6 fxg5 30. Rxf8 (30. Rh1
Rxf1+) 30... Rxf8 31. Qe5+ {[%cal Gg1g5]}) 29. Rxf7 $1 Rxf7 30. Qxc5 {[%csl
Re8,Rf7]} Ref8 $1 31. Bxf7 Rxf7 32. Qxg5 $140 $2 {is impossible as White
suddenly loses the rook:} Rf1+ $1 33. Kc2 Qh7+ $1 34. Kb3 (34. Kd2 Qd7+ 35. Ke3
Qe6+ 36. Kd3 Qd6+ 37. Kc4 Qa6+ $1 {[%csl Rg1]} 38. Kd5 Nf6+ 39. Ke5 Qe2+ $19)
34... Qb7+ 35. Kc2 Qe4+ 36. Kb3 Qe6+ 37. Kc2 Qe2+ 38. Kb3 Qd1+ $19 {[%csl Rb3,
Rg1]}) 28... fxg5 29. Qxc5 {[%csl Ra7,Gf7,Rg5,Gg8,Rh8] Tactical battle has
brought some results and first conclusions can be made:White is still in
possession of initiative having two pawns for a sacrificed piece with two more
pawns hanging and position of black king is still vulnerable.On the other hand
Black has been defending his position with an extra piece instead of passive
defence with equal material.I think that g4 wasn't necessary.Playing Rde1
followed by Rh4 White could put much more pressure without taking any risks.}
Rd8 ({Computer's} 29... Bxh5 {was a bit dangerous as it opens another file for
white rooks.} 30. Rxf8 Rxf8 31. Rxg5 Nf6 32. Rg1 $1 $36 {[%csl Rh8][%cal Gg1h1]
}) 30. Bc2 {[%csl Ra7,Rg5] White is still fighting for adge.} (30. Qe5+ {
leads to an equal endgame after} Qg7 (30... Nf6 $6 31. Rxf6 Ba2+ 32. Kxa2 Qxf6
33. Qe4 $36 (33. Qxf6+ $143 Rxf6 {[%csl Rb2]})) 31. Qxg7+ Kxg7 32. Rxg5+ Kh6
33. Rgf5 Rxd3 34. Rxf7 Rd1+ $1 35. Rxd1 Rxf7 $11) 30... Rd5 {g5-pawn is more
important.} 31. Qxa7 {[%csl Rf7][%cal Gf1f7] Third pawn is removed while White
is still in possession of initiative.} Qg7 $6 {Probably Tony thought that Bb3
was impossible.} (31... Nf6 $142 32. Bb3 $140 $6 Rd7 (32... Rb5) 33. Rxf6 Qxf6
34. Qxd7 Bxb3 {[%csl Rb1][%cal Gf6f1]}) 32. Bb3 $3 {[%mdl 64] White is
inviting to play 32...Bg6+?} Nf6 $8 {[%cal Gf7g6] There is nothing better.Now
Black is threatening Bg6+ as the h7-square is under control of the knight.} (
32... Bg6+ $2 33. hxg6 Rxf1+ (33... Qxa7 34. Rh1+ Kg7 (34... Nh6 35. Rxh6+ Kg8
36. Bxd5+ Kg7 37. Rh7+ Kxg6 38. Be4+ $18) 35. Rh7+ Kxg6 36. Bc2+ Rdf5 37. Rxa7
$18) 34. Rxf1 Qxa7 35. Rh1+ {At this moment Black is a queen up,but loss of
her is inevitable.} Kg7 (35... Nh6 36. Rxh6+ Kg8 37. Bxd5+ Kf8 38. Rh8+ Kg7 39.
Rh7+ $18) 36. Rh7+ {[%csl Ra7,Rg7]} Kxg6) 33. Qb6 {Inaccuracy.Here the queen
gets under attack.} ({More precise was} 33. Qa6 $1 {[%csl Rd5,Rf6]} Ne4 34.
Bxd5 Bxd5 (34... Nd2+ $2 {is bad in a view of} 35. Kc1 Nxf1 36. Bxf7 {and the
bishop is untouchable.} Qxf7 $140 $2 (36... Rxf7 37. Rxf1 $18) 37. Qh6+ $1 Kg8
(37... Qh7 38. Qxf8+) 38. Rxg5+) 35. h6 $1 Rxf1+ (35... Qe7 36. Rxf8+ Qxf8 37.
Qd3 $16) 36. Rxf1 Qd7 37. Ka1 $1 $16) ({Impossible is} 33. Bxd5 $4 Bg6+ 34.
hxg6 Qxa7 {and} 35. Rxf6 $4 {is refuted by} Qxg1+) 33... Nd7 {[%csl Rb6]} 34.
Qc7 Rb5 $1 35. Bxf7 (35. h6 Qg6+ 36. Ka1 (36. Bc2 $2 Qe6 {[%csl Rb1][%cal
Re6a2]}) 36... Bxb3 37. Qxd7 Rbf5 38. Rxf5 Rxf5 $15) 35... Rxf7 36. Qc8+ {
Trying to fish in deep water.} (36. Rxf7 Qxf7 37. Qd8+ Nf8 38. Rxg5 {leads to
perpetual check:} Qf1+ 39. Ka2 Qc4+ 40. Ka1 Qf1+ $11) 36... Qg8 37. Qc6 (37.
Qxg8+ Kxg8 38. Rxf7 Kxf7 $13) 37... Rb6 38. Qc4 (38. Qe4 $142) 38... Nf6 {
Opening a trap.} (38... Rxf1+ $142 39. Qxf1 Qb3 40. Qe2 Nf6 $1 41. Rxg5 $140 $2
Ne4 $1 {[%csl Rc3,Rg5]}) 39. Qd4 (39. Rxg5 $6 Rxb2+ $1 40. Kxb2 $140 $2 (40.
Ka1 $142 Qxg5 41. Qxf7 Rb6 $15) 40... Rb7+ {[%csl Rb2,Rc4]}) 39... Qb8 {
[%csl Rb2] Counterattack.} 40. Rf2 (40. c4 $5) 40... Rd7 41. Qe3 {Now the
position is about equal.Three pawns and open position of Black's king
compensate an extra piece.However both sides have to be careful.} Nh7 {[%csl
Gg5]} 42. c4 Rb3 43. Qc5 Qd6 44. Qxd6 Rxd6 45. c5 Rc6 46. Ka2 Re3 47. b4 $2 {
[%mdl 8192] White is blundering his a-pawn.} (47. Rc2 $5 {seems to be safer})
47... Ra6 {[%csl Ra3]} 48. b5 Ra5 $1 {[%csl Ra3,Rb5] The b-pawn is of more
importance.} 49. a4 $1 {[]} Rxa4+ 50. Kb1 Rb4+ 51. Rb2 Reb3 {[%csl Rb5]} 52.
Rgg2 $8 {Fortunately White still keeps the draw.} Nf6 {Trying to get R+N v R
position.} ({After} 52... Rxb5 {the only pass pawn saves White.} 53. c6 $1
Rxb2+ 54. Rxb2 Rc5 55. Rc2 Rb5+ 56. Rb2 (56. Kc1 $2 Rb8) 56... Rc5 57. Rc2 $11)
53. b6 {Who is better?} (53. Rxb3 Rxb3+ 54. Kc2 Rxb5 55. Rxg5 $11) 53... Ne4
54. Rxb3 Rxb3+ 55. Ka2 (55. Rb2 $4 Rxb2+ 56. Kxb2 Nxc5) 55... Rb5 56. Rg4 {
Nobody.} Nc3+ {Last trap.} (56... Nxc5 57. Rxg5 Ra5+ 58. Kb1 $1 (58. Kb2 $4
Nd3+ {[%csl Rb2,Rg5]})) 57. Ka3 (57. Ka1 $4 Rb1#) 57... Nb1+ 58. Ka2 Nc3+ 59.
Ka3 Nb1+ 60. Ka2 Nc3+ {Very interesting game where both sides showed very good
chess.} 1/2-1/2

[Event "Pamplona 9899 9th"]
[Site "Pamplona"]
[Date "1998.12.30"]
[Round "4"]
[White "Morozevich, Alexander"]
[Black "Xie, Jun"]
[Result "1-0"]
[WhiteElo "2625"]
[BlackElo "2510"]
[Annotator "Mikhalevski,V"]
[PlyCount "53"]
[EventDate "1998.12.27"]
[EventType "tourn"]
[EventRounds "9"]
[EventCountry "ESP"]
[EventCategory "13"]
[SourceTitle "CBM 069"]
[Source "ChessBase"]
[SourceDate "1999.04.01"]
[SourceVersion "1"]
[SourceVersionDate "1999.04.01"]
[SourceQuality "1"]

1. e4 e5 2. Nf3 Nc6 3. d4 exd4 4. Nxd4 Nf6 5. Nxc6 bxc6 6. e5 Qe7 7. Qe2 Nd5 8.
c4 Ba6 9. b3 O-O-O 10. g3 Re8 11. Bb2 f6 12. Qd2 Nb6 13. a4 $5 {Most agressive
attempt.} (13. Bg2 {is not so good in view of} Bxc4 $1 (13... fxe5 14. O-O g5
15. Re1 Bg7 16. Nc3 Kb8 17. a4 h5 18. Ba3 Qd8 19. a5 Nc8 20. Ne4 d6 21. Qb4+
$18 {[%cal Ge4c5] 1-0 Socko,B-Kostyra,S/Krynica 1997/CBM 61 ext (25)}) 14. bxc4
Nxc4 15. Qc2 Nxb2 16. Qxb2 Qxe5+ 17. Qxe5 Rxe5+ 18. Kd2 Bb4+ 19. Nc3 Rhe8 {
1/2-1/2 Hasangatin,R-Zyla,J/Koszalin 1998/EXT 99 (35) and Black gets strong
initiative.}) 13... Kb8 $6 {Two rounds later Xie Jun will find the
threnghtening of her play.This time she tries natural Kb8 freeing the
c8-square for her knight.But Morozevich shows that the natural  move is not
always the best one.} (13... Qb4 $1 {is much stronger.The comments for this
game you can find in CBM69.} 14. Qxb4 Bxb4+ 15. Nd2 fxe5 16. a5 Na8 17. Bh3 Kb8
18. O-O-O d6 19. Ne4 c5 20. Bd7 Re7 21. Bc6 Bxa5 $17 {0-1 De la Riva Aguado,
O-Xie Jun/Pamplona ESP 1999 (35)}) 14. a5 Nc8 15. Bh3 $1 $146 {[%mdl 8] This
is much stronger than 15.Bg2.White attacks the d7-pawn and it's very difficult
to defend it.} (15. Bg2 fxe5 16. O-O $13 {0-1 Coelho,L-Batista,G/Brasilia 1998/
CBM 65 ext (34)}) 15... fxe5 (15... Rd8 $5 {trying to keep the pawn structure
as it is.}) 16. Qxd7 {[%mdl 16] Now all Black's pawn are weak.} Qf6 (16... Bb7
{is probably more stubborn.}) 17. O-O Bc5 18. Nc3 $16 {[%cal Gc3e4]} Nd6 $2 {
The last mistake.} (18... Rd8 $2 {is even worse as after} 19. Ne4 $1 Rxd7 20.
Nxf6 {and 21.Nd7 White wins an exchange.}) (18... Bb4 {should be prefered,but
after strong} 19. Ra4 $1 {White is clearly better:} (19. Ne4 Qf3 (19... Qh6
$142 {[%cal Ge8d8,Ge8e7]}) 20. Bg2 $1 Qxb3 21. Qxc6 {[%csl Rb8][%cal Ge4c5,
Gc6a6]} Bb7 $140 22. Qxb7+ Kxb7 23. Nc5+ Kb8 24. Na6#) 19... Bxc3 20. Bxc3 Rd8
21. Qf5 $16 {[%csl Ra7,Rc6,Rc7,Re5]}) 19. Qxc6 {Now all Black pawns are
falling down in few moves.} Nb7 20. Qd7 $1 $18 {[%mdl 96] White keeps the
queens strenghtening the pressure.} Rd8 (20... Re7 {after} 21. Nd5 Rxd7 22.
Nxf6 {leads to the game.}) 21. Nd5 $1 {Thanks to this intermediate move 20.
Qd7! has become possible.} Rxd7 (21... Qd6 22. Qxg7 {is not better.}) 22. Nxf6
Rd2 (22... Rd3 23. Nd7+ Ka8 24. Bxe5 {and White wins at the same way as he did
in the game.}) 23. Nd7+ Ka8 24. Bxe5 Bb4 25. Bxc7 Nc5 {This move allows White
to finish the game in style.} 26. Bg2+ Bb7 ({or} 26... Nb7 27. Nb6+ $1 axb6 28.
axb6 {[%cal Ga1a6] and mate is inevitable.}) 27. Nb6+ $1 {Now the last
defender is passing away and no one can defend a solitary black king.} (27.
Nb6+ $1 axb6 28. axb6+ {and mate in three.}) 1-0